[Event "Lagan Grey Kaspian Sea"]
[Site "Lagan"]
[Date "2008.08.13"]
[Round "7"]
[White "Erendzhenov, Stanislav"]
[Black "Ubushaev, Ivan"]
[Result "1-0"]
[WhiteElo "2316"]
[BlackElo "1772"]
[PlyCount "41"]
[EventDate "2008.08.02"]
[EventType "swiss"]
[EventRounds "6"]
[EventCountry "RUS"]
[SourceTitle "EXT 2022"]
[Source "ChessBase"]
[SourceDate "2021.10.06"]
[SourceVersion "1"]
[SourceVersionDate "2021.10.06"]
[SourceQuality "1"]

1. e4 c5 2. Nf3 Nc6 3. c3 d6 4. d4 a6 5. d5 Ne5 6. Nxe5 dxe5 7. Be2 Nf6 8. Nd2 e6 9. c4 Bd6 10. 0-0 0-0 11. Qc2 Bd7 12. a4 Rb8 13. a5 b5 14. axb6 Qxb6 15. b3 a5 16. h3 Ra8 17. Bb2 Rfb8 18. f4 exf4 19. e5 Bxe5 20. Bxe5 exd5 21. Bxb8 1-0

[Event "Lagan Grey Kaspian Sea"]
[Site "Lagan"]
[Date "2008.08.06"]
[Round "5"]
[White "Ubushaev, Ivan"]
[Black "Mandzhiev, Vladimir"]
[Result "0-1"]
[WhiteElo "1772"]
[BlackElo "1746"]
[PlyCount "66"]
[EventDate "2008.08.02"]
[EventType "swiss"]
[EventRounds "6"]
[EventCountry "RUS"]
[SourceTitle "EXT 2022"]
[Source "ChessBase"]
[SourceDate "2021.10.06"]
[SourceVersion "1"]
[SourceVersionDate "2021.10.06"]
[SourceQuality "1"]

1. e4 e5 2. Nf3 Nc6 3. Bb5 d6 4. h3 Nf6 5. 0-0 Be7 6. d4 exd4 7. e5 dxe5 8. Nxe5 Qd5 9. Nxc6 bxc6 10. Ba4 0-0 11. Bf4 Ba6 12. Re1 Bd6 13. Bxd6 Qxd6 14. Nd2 Rab8 15. Bb3 Rfe8 16. Qf3 c5 17. Rxe8+ Rxe8 18. Bc4 Bxc4 19. Nxc4 Qe6 20. b3 h6 21. a4 Nd5 22. Rd1 Nc3 23. Rf1 Qg6 24. Na3 c6 25. Qd3 Qg5 26. Nc4 Re6 27. Kh1 Nd5 28. Qf3 Nb4 29. Qd1 Rg6 30. Rg1 Qf5 31. Na3 Qxf2 32. Qe1 Qf5 33. Rf1 Re6 0-1